El mal menor en la gestión de las drogas. De la prohibición a la regulación (Registro nro. 228992)
[ vista simple ]
| 000 -LEADER | |
|---|---|
| fixed length control field | 01482nam#a2200265 4500 |
| 001 - CONTROL NUMBER | |
| control field | 9781456224738 |
| 003 - CONTROL NUMBER IDENTIFIER | |
| control field | VST |
| 005 - DATE AND TIME OF LATEST TRANSACTION | |
| control field | 20250425090629.0 |
| 006 - FIXED-LENGTH DATA ELEMENTS--ADDITIONAL MATERIAL CHARACTERISTICS | |
| fixed length control field | m o d |
| 007 - PHYSICAL DESCRIPTION FIXED FIELD--GENERAL INFORMATION | |
| fixed length control field | cr#un#---uucau |
| 008 - FIXED-LENGTH DATA ELEMENTS--GENERAL INFORMATION | |
| fixed length control field | 140411s2014 MEX eng d |
| 020 ## - INTERNATIONAL STANDARD BOOK NUMBER | |
| International Standard Book Number | 9781456224738 |
| 040 ## - CATALOGING SOURCE | |
| Original cataloging agency | VST |
| Transcribing agency | VST |
| Modifying agency | VST |
| 100 1# - MAIN ENTRY--PERSONAL NAME | |
| Personal name | Bernardo González-Aréchiga Ramírez-Wiella |
| Relator term | author |
| 245 10 - TITLE STATEMENT | |
| Title | El mal menor en la gestión de las drogas. De la prohibición a la regulación |
| 250 ## - EDITION STATEMENT | |
| Edition statement | first edition |
| 260 ## - PUBLICATION, DISTRIBUTION, ETC. | |
| Place of publication, distribution, etc. | Mexico : |
| 264 #1 - PRODUCTION, PUBLICATION, DISTRIBUTION, MANUFACTURE, AND COPYRIGHT NOTICE | |
| Place of production, publication, distribution, manufacture | Mexico : |
| Name of producer, publisher, distributor, manufacturer | McGraw-Hill Interamericana, |
| Date of production, publication, distribution, manufacture, or copyright notice | 2014 |
| 300 ## - PHYSICAL DESCRIPTION | |
| Extent | 1 online resource |
| 336 ## - CONTENT TYPE | |
| Content type term | text |
| Content type code | txt |
| Source | rdacontent |
| 337 ## - MEDIA TYPE | |
| Media type term | computer |
| Media type code | c |
| Source | rdamedia |
| 520 ## - SUMMARY, ETC. | |
| Summary, etc. | México debe ser un actor proactivo y comprometido en el debate internacional. Tiene la legitimidad para hablar con voz clara y propositiva. La evidencia internacional que ha surgido en países con realidades muy distintas tiene un punto en común: demuestra que es posible defi nir una mejor política pública para benefi ciar a las sociedades de distintos países y disminuir la feroz transferencia de costos de la prohibición que perjudica a los Estados más débiles. La generación actual y las siguientes merecen una mejor respuesta y una mayor madurez en la cooperación internacional. La obra busca tanto promover el debate como urgir a un cambio en la política pública. Reformemos. |
| 856 40 - ELECTRONIC LOCATION AND ACCESS | |
| Uniform Resource Identifier | <a href="https://resolver.vitalsource.com/9781456224738">https://resolver.vitalsource.com/9781456224738</a> |
| 942 ## - ADDED ENTRY ELEMENTS (KOHA) | |
| Koha item type | Recurso Electrónico |
| Withdrawn status | Lost status | Damaged status | Not for loan | Collection | Home library | Current library | Date acquired | Total checkouts | Date last seen | Price effective from | Koha item type |
|---|---|---|---|---|---|---|---|---|---|---|---|
| Colección McGraw Hill | Biblioteca Digital UIN | Biblioteca Digital UIN | 04/25/2025 | 04/25/2025 | 04/25/2025 | Recurso Electrónico |